000 00961nam0a22002531 4500
001 rc\280484
005 20250621014749.0
035 _a(NLR Aleph) 005507755
090 _a5373403
_c5373403
100 _a20030307d1990 |||y0rusy50 ca
101 0 _arus
102 _aRU
105 _ay |||||||||
200 1 _aОРГАНОЛЕПТИЧЕСКИЕ методы оценок пищевых продуктов
_eТерминология
_fОтв. ред. д. х. н. Р.В. Головня
210 _aМ.
_cНаука
_d1990
215 _a38 с.
_d21
225 1 _aСборник научно-нормативной терминологии
_fАН СССР. Ком. науч.-техн. терминологии
_vВып. 111
320 _aБиблиогр.: с. 37
702 1 _aГоловня
_bР.В.
_gРимма Владимировна
_4340
801 0 _aRU
_bNLR
_gpsbo
801 1 _aRU
_bELAR
_2rusmarc
852 _aNLR
_bС
_jП-1/207
942 _cBOOK
980 _aNB